| 000 | 01193cad a22002295a 4500 | ||
|---|---|---|---|
| 001 | L154836 | ||
| 008 | 120123s2012 xxkdo f 000 0 eng d | ||
| 035 | _a(Sirsi) u154836 | ||
| 041 | 0 | _aeng | |
| 110 | 2 |
_aSavills Research _95211 |
|
| 245 | 0 | 0 |
_aPrime London residential markets _bJanuary 2012 _h[electronic resource] |
| 260 |
_aLondon _bSavills _c2012 |
||
| 490 | 0 |
_aSavills Research Residential Market in Minutes Prime London Residential Markets _vJanuary 2012 |
|
| 520 | _aPrime residential market in London for the 4 Qr 2011. The prime residential markets of in London continued to show price growth despite the strong headwinds facing the wider UK housing markets with prime central London outperforming the other London prime markets. Price growth of 3.0% is expected in 2012 in the central London markets given continued international demand and constrained stock levels. | ||
| 521 | _aAdvanced | ||
| 590 | _aKA | ||
| 650 | 2 | 4 | _aSAVILLS MARKET IN MINUTES |
| 651 | 4 |
_aUnited Kingdom _y |
|
| 690 |
_aResidential property _96266 |
||
| 856 | 4 | 0 |
_uhttps://www.savills.co.uk/research/residential-research.aspx _zView the report after free registration at www.savills.co.uk |
| 942 | _n0 | ||
| 999 |
_c113185 _d113185 |
||